000 00295nam a22001337a 4500
008 170713b xxu||||| |||| 00| 0 eng d
020 _a9780312089504
041 _aeng
080 _a101
100 _a24
101 _aFIL
245 _aREFLECTIONS ON PHILOSOPHY
_cMCHENRY, L
942 _2udc
_cBK
999 _c20637
_d20637